000
00247nam a2200097Ia 4500
001
724286
005
20250826163347.0
008
250824s9999 xx 000 0 und d
245
0
_a
SIRA SANA DA GELECEK
_c
KORAY AVCI ÇAKMAN
260
_b
TUDEM YAYINLARI
999
_c
724286
_d
724286